| 000 | 00441nam a2200133Ia 4500 | ||
|---|---|---|---|
| 008 | 170221s9999 xx 000 0 und d | ||
| 100 | _aP. M. Vasudev | ||
| 245 | _aFinancial Misconduct, Ethical Theory, and Regulatory Ethics— Promoting Accountability | ||
| 245 | _cP. M. Vasudev | ||
| 260 | _c2016 | ||
| 300 | _a5 : 1 | ||
| 650 | _xBusiness | ||
| 856 | _uhttp://digitalcommons.pepperdine.edu/cgi/viewcontent.cgi?article=1139&context=jbel | ||
| 999 |
_c311436 _d311436 |
||